Understanding contemporary archaeology

Gespeichert in:
Bibliographische Detailangaben
1. Verfasser: OGUNDELE, S. Oluwole
Format: Buch
Sprache:Englisch
Veröffentlicht: John Archers Publishers 2014.
Tags: Tag hinzufügen
Keine Tags, Fügen Sie den ersten Tag hinzu!

MARC

LEADER 00000nam a22000007a 4500
008 211026b ||||| |||| 00| 0 eng d
020 |a 978-978-52024-5-8 
100 |a OGUNDELE, S. Oluwole. 
245 |a Understanding contemporary archaeology  |c S. Oluwole Ogundele  |g  xvii, 229p.; ill. 
260 |b  John Archers Publishers  |c 2014.   |h  Ibadan  |i 680470   |l DT473 .Og9  |m Excavations (Archaeology). 
500 |a “It includes bibliographical references and index”. 
942 |a lcc  |c BK  |e j. o. ifatola  |f 26/ 10/ 2021 
952 |0 0  |1 0  |2 lcc  |4 0  |6 PJ782612 G35  |7 0  |9 3690  |a HOL  |b HOL  |c LP  |d 2021-10-26  |l 0  |o PJ7826.12 .G35  |p 2021-67425  |r 2021-10-26 00:00:00  |w 2021-10-26  |y BK 
999 |c 1836  |d 1836